000
00309nam a22001337a 4500
020
_a
978-93-82515-16-6
082
_a
894.812.3
_b
SAS/P
100
_a
SASI,MADAVOOR
245
_a
PONMUTTAYIDUNNA THARAVU
260
_a
THRISSUR
_b
H&C STORES
_c
2023
300
_a
48
650
_a
MORAL STORIES
_z
KERALA
942
_c
BK
999
_c
7086
_d
7086